000 00546nam a22001817a 4500
003 UA-OsUOA
001 15872
007 ta
008 20031210b un ||||| |||| 00| 0 ukr d
100 _aКобилянська О.
942 _cSA
040 _aUA-OsUOA
_cUA-OsUOA
_dUA-OsUOA
245 _aДні податкової служби [України]на рівненщині
300 _aС.3
955 _a0
773 0 _w0
_tВільне слово
_dРівне
_d2003
_g№88/5 листоп./
650 7 _aКраєзнавча робота
_2UDC
999 _c302037
_d302037